|
|
|
|
| LEADER |
01885nam a2200385 a 4500 |
| 001 |
EBC656365 |
| 003 |
MiAaPQ |
| 005 |
20200520144314.0 |
| 006 |
m o d | |
| 007 |
cr cn||||||||| |
| 008 |
100702s2011 cau sb 001 0 eng d |
| 010 |
|
|
|z 2010027772
|
| 020 |
|
|
|z 9780520258822 (cloth : alk. paper)
|
| 020 |
|
|
|a 9780520948693 (electronic bk.)
|
| 035 |
|
|
|a (MiAaPQ)EBC656365
|
| 035 |
|
|
|a (Au-PeEL)EBL656365
|
| 035 |
|
|
|a (CaPaEBR)ebr10446271
|
| 035 |
|
|
|a (CaONFJC)MIL327781
|
| 035 |
|
|
|a (OCoLC)704277759
|
| 040 |
|
|
|a MiAaPQ
|c MiAaPQ
|d MiAaPQ
|
| 050 |
|
4 |
|a HD9696.8.U64
|b G669 2011
|
| 082 |
0 |
4 |
|a 338.7/6102504
|2 22
|
| 100 |
1 |
|
|a Vaidhyanathan, Siva.
|
| 245 |
1 |
4 |
|a The Googlization of everything
|h [electronic resource] :
|b (and why we should worry) /
|c Siva Vaidhyanathan.
|
| 260 |
|
|
|a Berkeley :
|b University of California Press,
|c 2011.
|
| 300 |
|
|
|a xiv, 265 p.
|
| 504 |
|
|
|a Includes bibliographical references and index.
|
| 505 |
0 |
|
|a Introduction: the gospel of Google -- "Render unto Caesar": how Google came to rule the web -- Google's ways and means: faith in aptitude and technology -- The Googlization of us: universal surveillance and infrastructural imperialism -- The Googlization of the world: prospects for a global public sphere -- The Googlization of the library: the future of books -- The Googlization of memory: filters and the fracturing of knowledge -- Conclusion: the human knowledge project.
|
| 533 |
|
|
|a Electronic reproduction. Ann Arbor, MI : ProQuest, 2015. Available via World Wide Web. Access may be limited to ProQuest affiliated libraries.
|
| 610 |
2 |
0 |
|a Google (Firm)
|
| 650 |
|
0 |
|a Internet industry
|x Social aspects.
|
| 650 |
|
0 |
|a Internet
|x Social aspects.
|
| 655 |
|
4 |
|a Electronic books.
|
| 710 |
2 |
|
|a ProQuest (Firm)
|
| 856 |
4 |
0 |
|u https://ebookcentral.proquest.com/lib/matrademy/detail.action?docID=656365
|z Click to View
|